000 00894cam a2200241 a 4500
001 17879
003 BD-RjUL
005 20211209000215.0
008 140219r19521909enk 000 0 eng d
035 _aoxf98005190
_a(BD-RjUL)17937
035 _a(OCoLC)10884663
040 _aTJC
_cTJC
_beng
_dBD-RjUL
041 _aeng
082 _a821.08
_bDIE 1952
100 1 _aDixon, W. Macneile
_q(William Macneile),
_d1866-1945.
_93805
245 1 4 _aThe English Parnassus :
_b an anthology chiefly of longer poems /
_cwith introduction and notes by W. Macneile Dixon and H.J.C. Grierson
246 3 3 _aEnglish Parnassus :
_ban anthology chiefly of longer poems
260 _aOxford :
_bClarendon Press,
_c1909 [reprinted 1952]
300 _axvi, 786 p. :
_c20 cm
650 0 _aEnglish poetry
_vCollections
_955181
700 1 _aGrierson, Herbert John Clifford,
_cSir,
_d1866-1960.
_955128
942 _2ddc
_cBK
999 _c17879
_d17879